Verkehrsstraftaten Heranwachsender und § 105 Abs. 1 JGG

Gespeichert in:  
Bibliographische Detailangaben
1. VerfasserIn: Molketin, Rüdiger (Verfasst von)
Medienart: Druck Aufsatz
Sprache:Deutsch
Veröffentlicht: 1981
In: Deutsches Autorecht
Jahr: 1981, Heft: 5, Seiten: 137-145
Verfügbarkeit prüfen: HBZ Gateway
Schlagwörter:

MARC

LEADER 00000caa a22000002c 4500
001 164081132X
003 DE-627
005 20220608132649.0
007 tu
008 141017s1981 xx ||||| 00| ||ger c
035 |a (DE-627)164081132X 
035 |a (DE-576)415729688 
035 |a (DE-599)BSZ415729688 
040 |a DE-627  |b ger  |c DE-627  |e rakwb 
041 |a ger 
100 1 |a Molketin, Rüdiger  |4 aut 
245 1 0 |a Verkehrsstraftaten Heranwachsender und § 105 Abs. 1 JGG  |c Rüdiger Molketin 
264 1 |c 1981 
336 |a Text  |b txt  |2 rdacontent 
337 |a ohne Hilfsmittel zu benutzen  |b n  |2 rdamedia 
338 |a Band  |b nc  |2 rdacarrier 
773 0 8 |i In  |t Deutsches Autorecht  |d München : Juristische Zentrale des ADAC e.V., 1926  |g (1981), 5, Seite 137-145  |w (DE-627)129063037  |w (DE-600)688-9  |w (DE-576)014393905  |x 0012-1231  |7 nnas 
773 1 8 |g year:1981  |g number:5  |g pages:137-145 
951 |a AR 
ELC |b 1 
LOK |0 000 xxxxxcx a22 zn 4500 
LOK |0 001 330297213X 
LOK |0 003 DE-627 
LOK |0 004 164081132X 
LOK |0 005 20141017123203 
LOK |0 008 141017||||||||||||||||ger||||||| 
LOK |0 040   |a DE-21-110  |c DE-627  |d DE-21-110 
LOK |0 689   |a s  |a Verkehrsstraftaten 
LOK |0 689   |a s  |a Heranwachsende 
LOK |0 852   |z Kein Bestand am IfK; Nachweis für KrimDok 
LOK |0 852   |a DE-21-110 
LOK |0 852 1  |m v  |9 00 
LOK |0 935   |a k110 
LOK |0 938   |k v 
LOK |0 939   |a 17-10-14  |b l01 
ORI |a SA-MARC-krimdoka001.raw